Teams BYU has played - Statistics

General Stats
  • This quiz has been taken 1,059 times
  • The average score is 50 of 101
Answer Stats
Team % Correct
Utah
93%
Texas
87%
Alabama
85%
Utah State
85%
UCLA
84%
Arizona
83%
Colorado
83%
Michigan
83%
Oregon
83%
Washington
81%
Oklahoma
79%
Arizona State
78%
Oregon State
78%
Washington State
77%
Air Force
76%
Colorado State
76%
Kansas
76%
New Mexico
76%
Wyoming
75%
Notre Dame
74%
Boise State
73%
Florida State
73%
Georgia
73%
Ohio State
73%
San Diego State
71%
Texas A&M
71%
California
70%
Idaho
70%
Kansas State
70%
Oklahoma State
70%
Stanford
70%
UNLV
70%
Iowa
69%
New Mexico State
69%
Virginia
69%
Miami
68%
Texas Tech
68%
Wisconsin
68%
Nevada
67%
Navy
66%
Georgia Tech
64%
Hawaii
64%
Mississippi
64%
Penn State
64%
Southern California
64%
Baylor
63%
Texas Christian
63%
Iowa State
62%
Indiana
61%
Missouri
60%
Fresno State
58%
Idaho State
58%
UTEP
58%
Mississippi State
56%
Montana
56%
San Jose State
56%
Boston College
55%
SMU
54%
West Virginia
54%
Tulsa
51%
Syracuse
49%
Tulane
48%
Weber State
48%
Montana State
45%
Pittsburgh
45%
Rice
41%
Louisville
39%
Central Florida
38%
Marshall
36%
Arkansas State
35%
North Texas
30%
Eastern Washington
29%
Temple
29%
Western Michigan
28%
Northern Arizona
26%
South Dakota
26%
Bowling Green
24%
Portland
20%
Southern Mississippi
18%
Northern Iowa
17%
Denver
15%
San Francisco
13%
Eastern Illinois
11%
Long Beach State
10%
Pacific
9%
Cal Poly
8%
Murray State
6%
Pepperdine
6%
Wichita State
6%
Colorado College
4%
Cal-Davis
2%
College of Idaho
2%
George Washington
2%
Los Angeles State
2%
Occidental
2%
Western State
2%
Colo. St. Teachers
1%
NE Louisiana
1%
Pacific Fleet
1%
Regis
1%
West Texas State
1%
No matching quizzes found
Score Distribution
Percent of People with Each Score
Percentile by Number Answered
Your Score History
You have not taken this quiz